000 00640nam a2200277Ia 4500
005 20260324145155.0
008 008 260324s9999 xx 000 0 eng d
020 _a9780429303258
037 _aEBOOK
040 _aCRL
040 _beng
040 _cCRL
041 _2eng
041 _aeng
084 _qCRL
100 _aBrigitta Young
_91222018
245 0 _aProspects For Soviet Grain Production
260 _bTaylor and Francis
260 _c1984
365 _a
365 _b145
856 _uhttp://www.taylorfrancis.com/books/9780429303258
942 _cEBOOK
999 _c1829570
_d1829570